000 00588nam a2200241Ia 4500
003 OSt
005 20221005132028.0
006 a|||||r|||| 00| 0
007 ta
008 221004b |||||||| |||| 00| 0 eng d
024 _a47738
037 _cTextual
040 _aCRL
_cCRL
_beng
041 _2eng
_aeng
082 _aT2b, K8
100 _aThomas Jean
_990292
245 0 _aTeacher for the school tomorrow
260 _c1968
490 _aUnesco and its proramme
650 _aEDUCATION
942 _hT2b, K8
_cTEXL
_2cc
999 _c1062221
_d1062221